| 000 | 00510nam a2200217Ia 4500 | ||
|---|---|---|---|
| 005 | 20250425162529.0 | ||
| 008 | 250425s9999 xx 000 0 und d | ||
| 020 | _a978964284175 | ||
| 041 | _aspa | ||
| 082 | _a305.48 | ||
| 100 | _aMUTAHHARI, MURTADA | ||
| 245 | 0 | _aLOS DERECHOS DE LA MUJER EN EL ISLAM | |
| 250 | _a1A ED. | ||
| 260 |
_aIrĂ¡n _bELHAME SHARGH _c2012 |
||
| 260 | _aQOM | ||
| 300 | _a408 | ||
| 650 | _aDERECHOS DE LA MUJER-ISLAM | ||
| 650 | _aIRAN | ||
| 942 | _c01 | ||
| 010 | _a82195 | ||
| 999 |
_c231110 _d231110 |
||